Emirates of the UAE - Statistics

General Stats
  • This quiz has been taken 169 times
  • The average score is 4 of 7
Answer Stats
Answer % Correct
Abu Dhabi
97%
Dubai
97%
Sharjah
79%
Ajman
67%
Fujairah
63%
Ras al Kaimah
31%
Umm al kuwainn
10%
No matching quizzes found
Score Distribution
Percent of People with Each Score
Percentile by Number Answered
Your Score History
You have not taken this quiz